01194cam a2200349 i 450000100090000000300050000900500170001400800410003101000170007202000310008902000420012003800100016204000280017204200080020005000250020808200200023310000360025324500520028925000190034126000500036030000190041033600260042933700280045533800270048352001320051056300070064265500260064990600450067594200120072099900190073295200930075121968200NUST20221019151556.0210401s2021 nyu 000 1 eng  a 2021014281 a9780374602604q(hardcover) a9780374605438 (international edition) aAzhar aDLCbengerdacDLCdDLC apcc00aPR6118.O59bB43 202100a823.92223bROO1 aRooney, Sally,eauthor.910085410aBeautiful world, where are you /cSally Rooney. aFirst edition. aNew York :bFarrar, Straus and Giroux,c2021. a356 p ;c22 cm atextbtxt2rdacontent aunmediatedbn2rdamedia avolumebnc2rdacarrier a"A new novel by Sally Rooney, the bestselling author of Normal People and Conversations with Friends"--cProvided by publisher. aHB 7aNovels.2lcgft996108 a7bcbccorignewd1eecipf20gy-gencatlg 2ddccLC c591962d591962 00102ddc4070aCLbCLcLCd2022-10-19o823.92 ROOpLC-432r2022-10-19w2022-10-19yREF